000 00699nam a2200289Ia 4500
005 20260324151052.0
008 008 260324s9999 xx 000 0 eng d
020 _a9780429293146
037 _aEBOOK
040 _aCRL
040 _beng
040 _cCRL
041 _2eng
041 _aeng
084 _qCRL
100 _aRichard Henry Major
_91228616
245 4 _aThe Life of Prince Henry of Portugal
245 0 _bSurnamed the Nabigator and its Results
260 _bTaylor and Francis
260 _c1868
365 _a
365 _b240
856 _uhttp://www.taylorfrancis.com/books/9780429293146
942 _cEBOOK
999 _c1839114
_d1839114